[Event "Zirndorf-ch"]
[Site "Zirndorf"]
[Date "2005.12.16"]
[Round "6"]
[White "Zwingel, Helmut"]
[Black "Weissmann, Peter"]
[Result "1-0"]
[WhiteElo "1805"]
[BlackElo "1707"]
[PlyCount "91"]
[EventDate "2005.10.14"]
[EventType "swiss"]
[EventRounds "7"]
[EventCountry "GER"]
[SourceTitle "EXT 2007"]
[Source "ChessBase"]
[SourceDate "2006.11.23"]
[SourceVersion "1"]
[SourceVersionDate "2006.11.23"]
[SourceQuality "1"]

1. e4 c5 2. b3 Nc6 3. Bb2 e5 4. Nf3 d6 5. h3 Nf6 6. d3 Be7 7. Be2 0-0 8. 0-0 h6 9. Nh2 Nh7 10. f4 f5 11. exf5 Bxf5 12. g4 Be6 13. f5 Bf7 14. Nf3 Ng5 15. Kg2 Nd4 16. Nc3 Qd7 17. Nxg5 Bxg5 18. Ne4 Nxe2 19. Qxe2 Bd5 20. c4 Bc6 21. Kg1 Qe7 22. Bc1 Bxc1 23. Raxc1 Qh4 24. Rf3 h5 25. Qf2 Qxf2+ 26. Rxf2 hxg4 27. hxg4 Bxe4 28. dxe4 Kf7 29. Rd1 Rad8 30. Rfd2 Ke7 31. Kg2 g6 32. Kg3 gxf5 33. exf5 a6 34. Rh1 b5 35. Rh6 bxc4 36. bxc4 Rf6 37. Rh7+ Rf7 38. Rxf7+ Kxf7 39. g5 Ke7 40. Rb2 Rd7 41. Kg4 d5 42. f6+ Kf7 43. Kf5 e4 44. g6+ Ke8 45. Rb8+ Rd8 46. f7+ 1-0

[Event "Zirndorf-ch"]
[Site "Zirndorf"]
[Date "2005.11.04"]
[Round "3"]
[White "Bildt, Thomas"]
[Black "Zwingel, Helmut"]
[Result "1-0"]
[WhiteElo "2006"]
[BlackElo "1805"]
[PlyCount "119"]
[EventDate "2005.10.14"]
[EventType "swiss"]
[EventRounds "7"]
[EventCountry "GER"]
[SourceTitle "EXT 2007"]
[Source "ChessBase"]
[SourceDate "2006.11.23"]
[SourceVersion "1"]
[SourceVersionDate "2006.11.23"]
[SourceQuality "1"]

1. e4 c5 2. Nc3 Nc6 3. Nf3 e5 4. Bc4 Be7 5. Nd5 Nf6 6. Nxe7 Qxe7 7. d3 Na5 8. Bb3 c4 9. Bxc4 Nxc4 10. dxc4 d6 11. Qd3 0-0 12. 0-0 Be6 13. Bg5 Rac8 14. b3 Rfd8 15. Rad1 h6 16. Bh4 Bg4 17. h3 Bh5 18. Bxf6 Qxf6 19. Rd2 Qf4 20. Qe3 Qxe3 21. fxe3 Bg6 22. Rfd1 f6 23. Rxd6 Rxd6 24. Rxd6 Bxe4 25. c3 Kf8 26. Nd2 Bc6 27. c5 Ke7 28. Rd3 g5 29. b4 g4 30. h4 Ke6 31. c4 a6 32. Nb1 Be4 33. Rd6+ Kf5 34. Nc3 Bc6 35. Nd5 Rf8 36. Ne7+ Ke4 37. Nxc6 bxc6 38. Kf2 f5 39. Rxh6 Kd3 40. Rxc6 f4 41. exf4 Rxf4+ 42. Kg3 Rxc4 43. a3 e4 44. Rd6+ Ke2 45. Rxa6 e3 46. Re6 Kd3 47. c6 e2 48. Rxe2 Kxe2 49. b5 Ke3 50. h5 Ke4 51. Kxg4 Ke5+ 52. Kg5 Kd6 53. g4 Rc5+ 54. Kf6 Rxb5 55. h6 Kxc6 56. h7 Rb8 57. g5 Kd6 58. g6 Kd5 59. g7 Rb6+ 60. Kf5 1-0

[Event "Regionalliga NO 0405"]
[Site "Bayern"]
[Date "2005.03.15"]
[Round "8.6"]
[White "Zwingel, Helmut"]
[Black "Braun, Xaver"]
[Result "1/2-1/2"]
[WhiteElo "1863"]
[BlackElo "1804"]
[PlyCount "190"]
[EventDate "2004.10.24"]
[EventType "team-tourn"]
[EventRounds "9"]
[EventCountry "GER"]
[SourceTitle "EXT 2007"]
[Source "ChessBase"]
[SourceDate "2006.11.23"]
[SourceVersion "1"]
[SourceVersionDate "2006.11.23"]
[SourceQuality "1"]
[WhiteTeam "Zirndorf II"]
[BlackTeam "Regensburg Eulenspiegel"]
[WhiteTeamCountry "GER"]
[BlackTeamCountry "GER"]

1. e4 c5 2. Nf3 Nc6 3. d4 cxd4 4. Nxd4 g6 5. Be3 Bg7 6. Nc3 d6 7. Qd2 Nf6 8. Bc4 Ng4 9. Nxc6 bxc6 10. Bd4 e5 11. Be3 Nxe3 12. Qxe3 Qb6 13. Qf3 0-0 14. 0-0-0 Qb4 15. Qd3 Rd8 16. Bb3 Be6 17. Qa6 Qb6 18. Qe2 Bxb3 19. cxb3 a6 20. h4 Rd7 21. h5 Rad8 22. hxg6 fxg6 23. Qg4 Qxf2 24. Rdf1 Qe3+ 25. Kb1 Re7 26. Qh4 Bf8 27. Rf3 Qa7 28. Rhf1 Qd7 29. a3 d5 30. exd5 cxd5 31. Rf6 Bg7 32. Rxa6 Rf8 33. Rxf8+ Bxf8 34. Ra5 Qf5+ 35. Ka2 d4 36. Nd5 Rf7 37. Qd8 Kg7 38. Nb6 Qf6 39. Qb8 Bd6 40. Qc8 Rc7 41. Qa8 Rf7 42. Rd5 e4 43. Nc4 Bf4 44. Qa5 d3 45. Qe1 Re7 46. g3 Bc7 47. Qe3 Bb8 48. g4 Ba7 49. Qg3 Bf2 50. Qh2 h6 51. g5 hxg5 52. Rd8 Bh4 53. Qb8 Qe6 54. Rh8 Kf6 55. Qf8+ Rf7 56. Qd8+ Kf5 57. Nd6+ Kg4 58. Nxf7 Qxf7 59. Qc8+ Qf5 60. Qc3 Qf3 61. Re8 Bg3 62. Qd4 Bf4 63. Rxe4 d2 64. Qxd2 Qxe4 65. Qd7+ Qf5 66. Qd1+ Kg3 67. Qg1+ Kf3 68. Qf1+ Ke4 69. Qc4+ Ke5 70. Qc5+ Kf6 71. Qf8+ Ke6 72. Qc8+ Kf7 73. Qb7+ Ke6 74. Qc6+ Bd6 75. Qe8+ Kd5 76. Qa8+ Ke5 77. Qh8+ Qf6 78. Qa8 g4 79. Qa5+ Kf4 80. Qd2+ Kg3 81. Qd3+ Kh4 82. Qc4 Qf4 83. Qg8 g5 84. Qh7+ Kg3 85. Qd3+ Kh2 86. Qe2+ Kh3 87. Qd3+ Qg3 88. Qh7+ Kg2 89. Qc2+ Kf3 90. Qf5+ Bf4 91. Qd5+ Kf2 92. Qc5+ Qe3 93. Qc2+ Qe2 94. Qc5+ Qe3 95. Qc2+ Qe2 1/2-1/2

[Event "Regionalliga NO 0405"]
[Site "Bayern"]
[Date "2004.12.12"]
[Round "4.8"]
[White "Zwingel, Helmut"]
[Black "Kappl, Peter"]
[Result "0-1"]
[WhiteElo "1863"]
[BlackElo "1901"]
[PlyCount "76"]
[EventDate "2004.10.24"]
[EventType "team-tourn"]
[EventRounds "9"]
[EventCountry "GER"]
[SourceTitle "EXT 2007"]
[Source "ChessBase"]
[SourceDate "2006.11.23"]
[SourceVersion "1"]
[SourceVersionDate "2006.11.23"]
[SourceQuality "1"]
[WhiteTeam "Zirndorf II"]
[BlackTeam "Karethein"]
[WhiteTeamCountry "GER"]
[BlackTeamCountry "GER"]

1. e4 Nf6 2. Nc3 d6 3. d4 g6 4. Be2 Bg7 5. Be3 c5 6. d5 Qa5 7. f3 a6 8. a3 b5 9. Bd2 Qb6 10. b3 h5 11. h4 Nbd7 12. Rb1 Ne5 13. Nh3 Bxh3 14. Rxh3 Rc8 15. f4 Neg4 16. Bxg4 Nxg4 17. Rf3 c4 18. Ne2 0-0 19. f5 Be5 20. g3 Rc7 21. b4 c3 22. Bf4 Bxf4 23. gxf4 Rfc8 24. fxg6 fxg6 25. Qd3 Kg7 26. Rb3 Rc4 27. Rxc3 Rxc3 28. Nxc3 Qg1+ 29. Rf1 Qh2 30. Ne2 Qxh4+ 31. Kd2 Qh2 32. Qd4+ Kh7 33. f5 Rxc2+ 34. Kxc2 Qxe2+ 35. Kb3 Qxf1 36. fxg6+ Kxg6 37. Qa7 Qf3+ 38. Kb2 Qf2+ 0-1

[Event "Regionalliga NO 0102"]
[Site "Bayern"]
[Date "2002.01.20"]
[Round "4.8"]
[White "Herzog, Klaus"]
[Black "Zwingel, Helmut"]
[Result "1-0"]
[WhiteElo "2110"]
[BlackElo "1825"]
[PlyCount "163"]
[EventDate "2001.10.07"]
[EventType "team-tourn"]
[EventRounds "9"]
[EventCountry "GER"]
[SourceTitle "EXT 2003"]
[Source "ChessBase"]
[SourceDate "2002.11.25"]
[SourceVersion "1"]
[SourceVersionDate "2002.11.25"]
[SourceQuality "1"]
[WhiteTeam "Regensburg II"]
[BlackTeam "Zirndorf II"]
[WhiteTeamCountry "GER"]
[BlackTeamCountry "GER"]

1. c4 e5 2. Nc3 f5 3. g3 Nf6 4. Bg2 Be7 5. Nf3 d6 6. 0-0 0-0 7. d4 e4 8. Ne1 c6 9. d5 c5 10. f3 exf3 11. exf3 Nbd7 12. b3 Ne5 13. f4 Ng6 14. Qd3 Bd7 15. Nc2 a6 16. Bd2 Rb8 17. a4 Ne8 18. Rab1 Bf6 19. Ne3 Bd4 20. Kh1 Bf6 21. Ne2 Ne7 22. a5 b5 23. axb6 Qxb6 24. b4 Nc7 25. Rb3 a5 26. b5 Na6 27. Bc3 Nb4 28. Qd2 Bxc3 29. Nxc3 Qd8 30. Ra3 Ra8 31. Rfa1 Nc8 32. Kg1 Re8 33. Kf2 g6 34. Bf1 Re7 35. Ned1 Be8 36. Nb2 Rea7 37. Nca4 Bf7 38. Re1 Rb7 39. Nd3 Qf6 40. Nc1 Qd8 41. Na2 Qf6 42. Nc1 h5 43. h4 Qd8 44. Qb2 Re7 45. Rxe7 Qxe7 46. Re3 Qd8 47. Ne2 Rb8 48. Ng1 Rb7 49. Nf3 Re7 50. Qf6 Re8 51. Qxd8 Rxd8 52. Bd3 Rd7 53. Bb1 Rb7 54. Ng1 Kf8 55. Ne2 Be8 56. Ra3 Kf7 57. Nc1 Bd7 58. Nb3 Nxd5 59. cxd5 c4 60. Nd4 Bxb5 61. Nc3 Na7 62. Rxa5 Bd7 63. Bc2 Nc8 64. Ke3 Nb6 65. Ra6 Ke7 66. Nc6+ Ke8 67. Kd4 Kf8 68. Na5 Rb8 69. Ra7 Be8 70. Nxc4 Nxc4 71. Kxc4 Rc8+ 72. Kd4 Bf7 73. Ba4 Rb8 74. Bb5 Rb6 75. Kc4 Rb8 76. Rd7 Rb6 77. Na4 Rxb5 78. Kxb5 Be8 79. Kc6 Kg8 80. Nb6 Bxd7+ 81. Nxd7 Kf7 82. Kxd6 1-0